Government in metropolitian Calcutta: a manual (Record no. 370718)

000 -LEADER
fixed length control field 00518cam a22001577a 4500
008 - FIXED-LENGTH DATA ELEMENTS--GENERAL INFORMATION
fixed length control field 180718b1965 xxu||||| |||| 00| 0 eng d
082 ## - DEWEY DECIMAL CLASSIFICATION NUMBER
Classification number B835x5412 In7g
100 ## - MAIN ENTRY--PERSONAL NAME
Personal name Bhattacharya, Mohit
245 ## - TITLE STATEMENT
Title Government in metropolitian Calcutta: a manual
Statement of responsibility, etc. by Mohit Bhattacharya, M.M. Singh and Frank J. Tysen
260 ## - PUBLICATION, DISTRIBUTION, ETC.
Place of publication, distribution, etc. Bombay
Name of publisher, distributor, etc. Asia
Date of publication, distribution, etc. 1965
300 ## - PHYSICAL DESCRIPTION
Extent 238p.
500 ## - GENERAL NOTE
General note Calcutta research studies; 1
650 ## - SUBJECT ADDED ENTRY--TOPICAL TERM
Topical term or geographic name entry element Metropolitan governemnt - West Bengal - India.
700 ## - ADDED ENTRY--PERSONAL NAME
Personal name Tysen, Frank J.
700 ## - ADDED ENTRY--PERSONAL NAME
Personal name Singh, M.M.
Holdings
Withdrawn status Lost status Damaged status Not for loan Permanent Location Current Location Date acquired Full call number Barcode Date last seen Price effective from Koha item type
        Indian Institute of Public Administration Indian Institute of Public Administration 1994-06-07 B835x5412 In7g 38492 2018-07-21 2018-07-21 Book

Powered by Koha